Quelles sont les 10 origines les plus présentes en france ? - Statistiques

Statistiques générales
  • Ce quiz a été pris 456 fois
  • Le résultat moyen est 4 sur 10
Statistiques - réponses
Nombre Origine % Correct
2.2 millions Marocain
95%
1.5 millions Portugais
66%
4.1 millions Algeriens
55%
400 000 Anglais
47%
800 000 Tunisiens
44%
750 000 Italiens
42%
350 000 Sénégalais
41%
600 000 Espagnols
37%
600 000 Turques
20%
200 000 Roms
3%
Aucun quiz correspondant
Distribution des résultats
% des personnes avec chaque résultat
Percentile par nombre de réponses
Votre historique - résultats
Vous n’avez pas pris ce quiz